First leaves: a tutorial introduction to Maple V

Saved in:
Bibliografiske detaljer
Main Authors: Char, Bruce W (Author), Geddes, Keith O (Author), Gonnet, Gastón H (Author)
Format: Bog
Sprog:engelsk
Udgivet: Nueva York Springer-Verlag 1992
Fag:
Tags: Tilføj Tag
Ingen Tags, Vær først til at tagge denne postø!

MARC

LEADER 00000nam a2200000 a 4500
001 UCY5957
003 CL-VaPUC
008 950521e19920000US |||||||||||||||||eng|d
082 0 4 |a 510  |b CHA  |2 21 
100 0 |a Char, Bruce W  |e author  |9 335434 
700 0 |a Geddes, Keith O  |e author  |9 335435 
700 |a Gonnet, Gastón H  |e author  |9 335436 
245 1 0 |a First leaves: a tutorial introduction to Maple V 
300 |a 253 p 
942 |c BK 
945 |d 19950521 00:00:00  |a awong 
260 |a Nueva York  |b Springer-Verlag   |c 1992 
650 7 |a MAPLE  |2 CL-VaPUC  |9 335437 
650 0 |a Matemática  |9 260235 
650 0 |a Álgebra  |9 259567 
650 0 |a Archivo computacional  |9 335423 
650 0 |a Proceso de datos   |9 259776 
583 |a last modification  |c 19950521 00:00:00  |k Rodrigo Vera 
999 |c 233554  |d 233552 
952 |0 0  |1 0  |4 0  |6 510_000000000000000_CHA_1992  |7 0  |8 A  |9 239158  |a BIBMAT  |b BIBMAT  |d 2019-11-18  |i 3086011  |o 510 CHA 1992  |p 3086011  |r 2025-01-07  |w 2019-11-18  |y BK  |k MAT 
952 |0 0  |1 0  |4 0  |6 510_000000000000000_CHA_1992  |7 0  |8 A  |9 239159  |a BIBMAT  |b BIBMAT  |d 2019-11-18  |i 3086070  |o 510 CHA 1992  |p 3086070  |r 2025-01-07  |w 2019-11-18  |y BK  |k MAT 
952 |0 0  |1 0  |4 0  |6 510_000000000000000_CHA_1992  |7 0  |8 A  |9 239160  |a BIBMAT  |b BIBMAT  |d 2019-11-18  |i 3086089  |o 510 CHA 1992  |p 3086089  |r 2025-01-07  |w 2019-11-18  |y BK  |k MAT